|
|
|
|
| LEADER |
00000caa a22000002c 4500 |
| 001 |
1640265619 |
| 003 |
DE-627 |
| 005 |
20220608131548.0 |
| 007 |
tu |
| 008 |
160223s1993 xx ||||| 00| ||fre c |
| 035 |
|
|
|a (DE-627)1640265619
|
| 035 |
|
|
|a (DE-576)456100245
|
| 035 |
|
|
|a (DE-599)BSZ456100245
|
| 040 |
|
|
|a DE-627
|b ger
|c DE-627
|e rakwb
|
| 041 |
|
|
|a fre
|
| 100 |
1 |
|
|a Bassiouni, M. Cherif
|d 1937-2017
|0 (DE-588)115441298
|0 (DE-627)284156833
|0 (DE-576)160189667
|4 aut
|
| 109 |
|
|
|a Bassiouni, M. Cherif 1937-2017
|a Baxiaoni, M. C. 1937-2017
|a Bassiouni, M. C. 1937-2017
|a Bassiouni, Cherif M. 1937-2017
|a Basyūnī, Maḥmūd Sharīf 1937-2017
|a Bassiouni, Mahmoud 1937-2017
|a Basyūnī, Maḥmūd Šarīf 1937-2017
|a Pa-hsi-ao-ni, M. C. 1937-2017
|a Cherif-Bassiouni, M. 1937-2017
|a Bassiouni, Cherif 1937-2017
|a Cherif Bassiouni, M. 1937-2017
|a Bassiouni, Mahmoud Cherif 1937-2017
|
| 245 |
1 |
0 |
|a Droit pénal international - Considérations de politique criminelle sur la coopération inter-étatique
|c M. Chérif Bassiouni
|
| 264 |
|
1 |
|c 1993
|
| 336 |
|
|
|a Text
|b txt
|2 rdacontent
|
| 337 |
|
|
|a ohne Hilfsmittel zu benutzen
|b n
|2 rdamedia
|
| 338 |
|
|
|a Band
|b nc
|2 rdacarrier
|
| 773 |
0 |
8 |
|i In
|t Revue de science criminelle et de droit pénal comparé
|d Paris : Dalloz, 1936
|g (1993), 4, Seite 821-830
|w (DE-627)129487120
|w (DE-600)205399-8
|w (DE-576)014878747
|x 0035-1733
|7 nnas
|
| 773 |
1 |
8 |
|g year:1993
|g number:4
|g pages:821-830
|
| 935 |
|
|
|a mkri
|
| 951 |
|
|
|a AR
|
| ELC |
|
|
|b 1
|
| LOK |
|
|
|0 000 xxxxxcx a22 zn 4500
|
| LOK |
|
|
|0 001 3301765580
|
| LOK |
|
|
|0 003 DE-627
|
| LOK |
|
|
|0 004 1640265619
|
| LOK |
|
|
|0 005 20160223101521
|
| LOK |
|
|
|0 008 160208||||||||||||||||ger|||||||
|
| LOK |
|
|
|0 040
|a DE-21-110
|c DE-627
|d DE-21-110
|
| LOK |
|
|
|0 689
|a s
|a Internationales Strafrecht
|
| LOK |
|
|
|0 852
|z Kein Bestand am IfK; Nachweis für KrimDok
|
| LOK |
|
|
|0 852
|a DE-21-110
|
| LOK |
|
|
|0 852 1
|m v
|9 00
|
| LOK |
|
|
|0 935
|a k110
|
| LOK |
|
|
|0 938
|k v
|
| LOK |
|
|
|0 939
|a 08-02-16
|b l01
|
| ORI |
|
|
|a SA-MARC-krimdoka001.raw
|